Welcome to the Holygrace Academy Library

Please use search bar below to get started

TOPPER QUESTION BANK SCIENCE (Record no. 930)

MARC details
000 -LEADER
fixed length control field 00418nam a22001457a 4500
020 ## - INTERNATIONAL STANDARD BOOK NUMBER
ISBN 978-81-8481-369-2
082 ## - DEWEY DECIMAL CLASSIFICATION NUMBER
Classification number 500
Item number OSW/S
100 ## - MAIN ENTRY--AUTHOR NAME
Personal name OSWAAL BOOKS
245 ## - TITLE STATEMENT
Title TOPPER QUESTION BANK SCIENCE
Remainder of title CLASS IX
260 ## - PUBLICATION, DISTRIBUTION, ETC. (IMPRINT)
Place of publication AGRA
Name of publisher OSWAAL BOOKS
300 ## - PHYSICAL DESCRIPTION
Number of Pages 163
520 ## - SUMMARY, ETC.
Summary, etc FORMATIVE AND SUMMATIVE ASSESSMENTS, HOTS, MCQ, STRICTLY BASED ON NCERT
650 ## - SUBJECT ADDED ENTRY--TOPICAL TERM
Topical Term SCIENCE QUESTION BANK WITH SOLUTIONS
Geographic subdivision INDIA
942 ## - ADDED ENTRY ELEMENTS (KOHA)
Koha item type Books

No items available.